<?xml version="1.0" encoding="UTF-8"?>
<collection xmlns="http://www.loc.gov/MARC21/slim">
 <record>
  <leader>01296nam a22002057a 4500</leader>
  <controlfield tag="001">NCT_92230</controlfield>
  <controlfield tag="008">211020b        xxu||||| |||| 00| 0 vie d</controlfield>
  <datafield tag="999" ind1=" " ind2=" ">
   <subfield code="c">4558</subfield>
   <subfield code="d">4558</subfield>
  </datafield>
  <datafield tag="082" ind1="0" ind2="4">
   <subfield code="2">23rd ed.</subfield>
   <subfield code="a">345.597</subfield>
   <subfield code="b">T307</subfield>
  </datafield>
  <datafield tag="100" ind1="1" ind2=" ">
   <subfield code="a">Trần Quang Tiệp</subfield>
  </datafield>
  <datafield tag="245" ind1="1" ind2="0">
   <subfield code="a">Đồng phạm trong Luật hình sự Việt Nam :</subfield>
   <subfield code="b">Sách chuyên khảo</subfield>
   <subfield code="c">Trần Quang Tiệp</subfield>
  </datafield>
  <datafield tag="260" ind1=" " ind2=" ">
   <subfield code="a">H.</subfield>
   <subfield code="b">Tư pháp</subfield>
   <subfield code="c">2019</subfield>
  </datafield>
  <datafield tag="300" ind1=" " ind2=" ">
   <subfield code="a">250 tr.</subfield>
   <subfield code="c">21cm</subfield>
  </datafield>
  <datafield tag="520" ind1="3" ind2=" ">
   <subfield code="a">Nội dung sách được trình bày ngắn gọn, dễ hiểu, có dẫn chứng minh họa, bảo đảm kết hợp giữa lý luận và thực tiễn áp dụng các quy định của pháp luật hình sự về đồng phạm.</subfield>
  </datafield>
  <datafield tag="653" ind1=" " ind2=" ">
   <subfield code="a">Luật học</subfield>
  </datafield>
  <datafield tag="942" ind1=" " ind2=" ">
   <subfield code="2">ddc</subfield>
   <subfield code="c">BK</subfield>
  </datafield>
  <datafield tag="952" ind1=" " ind2=" ">
   <subfield code="0">0</subfield>
   <subfield code="1">0</subfield>
   <subfield code="2">ddc</subfield>
   <subfield code="4">0</subfield>
   <subfield code="6">345_597000000000000_T307</subfield>
   <subfield code="7">0</subfield>
   <subfield code="9">21649</subfield>
   <subfield code="a">000001</subfield>
   <subfield code="b">000001</subfield>
   <subfield code="d">2021-10-20</subfield>
   <subfield code="o">345.597 T307</subfield>
   <subfield code="p">MD.18889</subfield>
   <subfield code="r">2021-10-20</subfield>
   <subfield code="v">110000.00</subfield>
   <subfield code="w">2021-10-20</subfield>
   <subfield code="y">BK</subfield>
  </datafield>
  <datafield tag="952" ind1=" " ind2=" ">
   <subfield code="0">0</subfield>
   <subfield code="1">0</subfield>
   <subfield code="2">ddc</subfield>
   <subfield code="4">0</subfield>
   <subfield code="6">345_597000000000000_T307</subfield>
   <subfield code="7">0</subfield>
   <subfield code="9">21650</subfield>
   <subfield code="a">000001</subfield>
   <subfield code="b">000001</subfield>
   <subfield code="d">2021-10-20</subfield>
   <subfield code="o">345.597 T307</subfield>
   <subfield code="p">MD.18890</subfield>
   <subfield code="r">2021-10-20</subfield>
   <subfield code="v">110000.00</subfield>
   <subfield code="w">2021-10-20</subfield>
   <subfield code="y">BK</subfield>
  </datafield>
  <datafield tag="952" ind1=" " ind2=" ">
   <subfield code="0">0</subfield>
   <subfield code="1">0</subfield>
   <subfield code="2">ddc</subfield>
   <subfield code="4">0</subfield>
   <subfield code="6">345_597000000000000_T307</subfield>
   <subfield code="7">0</subfield>
   <subfield code="9">21651</subfield>
   <subfield code="a">000001</subfield>
   <subfield code="b">000001</subfield>
   <subfield code="d">2021-10-20</subfield>
   <subfield code="o">345.597 T307</subfield>
   <subfield code="p">MD.18891</subfield>
   <subfield code="r">2021-10-20</subfield>
   <subfield code="v">110000.00</subfield>
   <subfield code="w">2021-10-20</subfield>
   <subfield code="y">BK</subfield>
  </datafield>
  <datafield tag="980" ind1=" " ind2=" ">
   <subfield code="a">Thư viện Trường Đại học Nam Cần Thơ</subfield>
  </datafield>
 </record>
</collection>
